| 000 | 01294nam a2200217Ia 4500 | ||
|---|---|---|---|
| 999 |
_c38179 _d38179 |
||
| 001 | 4169 | ||
| 003 | GE_BSU | ||
| 005 | 20190920150337.0 | ||
| 008 | 181216s1982||||ge |||||||||||||| ||geo|| | ||
| 040 | _cGE_BSU | ||
| 041 | _ageo | ||
| 080 | _a821.353.31-91 ლ-16 | ||
| 245 |
_aლაზური პარამითეფე : _bქართული ენის ლაზურ დიალექტზე / _cწიგნი შეადგინა და ლიტ. რედ. გაუკეთა ნათელა ქუთელიამ ; ლექსიკონი შეადგინეს: სერგი ჯიქიამ და ნათელა ქუთელიამ ; რედ.: ზურაბ თანდილავა ; მხატვ.: ირაკლი ყიფშიძე. |
||
| 264 |
_a თბ.: _bსაქ. სსრ მეცნ. აკად., _c1982. |
||
| 300 |
_a103 გვ. ; _b20 სმ. |
||
| 653 | _aლაზურ დიალექტი | ||
| 700 |
_aქუთელია, ნათელა _eშემდგენელი _94187 |
||
| 700 |
_aთანდილავა, ზურაბ _eრედაქტორი _94188 |
||
| 700 |
_aყიფშიძე, ირაკლი _eმხატვარი _94189 |
||
| 942 |
_cBK _2udc |
||